Democracy in search of equality : untouchable politics and Indian social change /
Saved in:
| Main Author: | |
|---|---|
| Format: | Book |
| Language: | English |
| Published: |
Atlantic Highlands, N.J. :
Humanities Press,
1982.
|
| Series: | Studies in sociology and social anthropology.
|
| Subjects: | |
| Tags: |
Add Tag
No Tags, Be the first to tag this record!
|
| LEADER | 00975nam a2200289Ia 4500 | ||
|---|---|---|---|
| 001 | 001091237-1 | ||
| 005 | 20020606090541.3 | ||
| 008 | 821222s1982 nju b 00110 eng d | ||
| 020 | |z 0391206283 | ||
| 035 | 0 | |a ocm09076224 | |
| 040 | |a RIU |c RIU | ||
| 043 | |a a-ii--- | ||
| 050 | 4 | |a DS422.C3 |b J67 1982 | |
| 100 | 1 | |a Joshi, Barbara R. | |
| 245 | 1 | 0 | |a Democracy in search of equality : |b untouchable politics and Indian social change / |c Barbara R. Joshi. |
| 260 | 0 | |a Atlantic Highlands, N.J. : |b Humanities Press, |c 1982. | |
| 300 | |a xiv, 200 p. ; |c 25 cm. | ||
| 490 | 1 | |a Studies in sociology and social anthropology | |
| 500 | |a Includes indexes. | ||
| 504 | |a Bibliography: p. [185]-193. | ||
| 691 | 9 | |a India |x Sociology |x Caste. |5 toz | |
| 691 | 9 | |a India |x Political anthropology |x Change. |5 toz | |
| 650 | 0 | |a Dalits |x Political activity. | |
| 651 | 0 | |a India |x Social conditions |y 1947- | |
| 830 | 0 | |a Studies in sociology and social anthropology. | |
| 988 | |a 20020608 | ||
| 906 | |0 OCLC | ||


